000 00390nam a2200133Ia 4500
008 231129s9999||||xx |||||||||||||| ||spa||
020 _a84-7102-096-3
040 _bspa
082 _aR(i) 036.1 M339m
100 _aMarí­n Correa Manuel
245 0 _aEl mundo de la cultura: Enciclopedia formativa Marí­n
264 _aMarí­n
942 _2ddc
_cBKS
999 _c11775
_d11775